| 000 | 00614nam a2200181 4500 | ||
|---|---|---|---|
| 001 | 136121 | ||
| 003 | ES-MaACL | ||
| 005 | 20230906195036.0 | ||
| 007 | t| | ||
| 008 | 070214s1952 sp r ||||1| spa d | ||
| 100 | 1 |
_aRuiz Pérez, Joaquín S. _9100897 |
|
| 245 | 1 | 3 |
_aLa hora de la verdad _b: (teoría y técnica del toreo) / _cJoaquín S. Ruiz Pérez ; [prólogo de Vicente Fernández de Bobadilla]. |
| 250 | _a1ª ed. | ||
| 260 |
_aMadrid : _bEd. Iberoamericanas, _c1952. |
||
| 300 |
_a254 p. : _bil. ; _c18 cm. |
||
| 700 | 1 |
_aFernández de Bobadilla, Vicente. _949631 |
|
| 852 |
_aES-MaACL _jD-8877 _bR.33079 |
||
| 999 |
_c136121 _d136121 |
||